Statistics for Top 50 NBA Players 2022

Click here to take the quiz!

General Stats

  • This quiz has been taken 434 times
  • The average score is 44 of 50

Answer Stats

#HintAnswer% Correct
1WarriorsStephen Curry
100%
2BucksGiannis Antetokounmpo
99%
5NetsKevin Durant
99%
8LakersLeBron James
99%
3NuggetsNikola Jokic
99%
4MavericksLuka Doncic
98%
9SunsDevin Booker
97%
10GrizzliesJa Morant
97%
7CelticsJayson Tatum
97%
676ersJoel Embiid
97%
13HawksTrae Young
97%
11HeatJimmy Butler
96%
14NetsKyrie Irving
96%
21SunsChris Paul
95%
18TrailblazersDamian Lillard
95%
12ClippersKawhi Leonard
95%
20CelticsJaylen Brown
94%
23HornetsLaMelo Ball
93%
16ClippersPaul George
93%
17BullsZach LaVine
93%
27LakersAnthony Davis
92%
19BullsDeMar DeRozan
92%
3376ersJames Harden
92%
32TimberwolvesKarl-Anthony Towns
91%
41WarriorsKlay Thompson
91%
15JazzDonovan Mitchell
90%
22WizardsBradley Beal
89%
28BucksKhris Middleton
88%
50WarriorsDraymond Green
87%
29HeatBam Adebayo
86%
34NuggetsJamal Murray
86%
24RaptorsPascal Siakam
86%
25TimberwolvesAnthony Edwards
85%
39BucksJrue Holiday
85%
31ThunderShai Gilgeous-Alexander
85%
35KingsDe'Aaron Fox
84%
36SpursDejounte Murray
82%
42JazzRudy Gobert
82%
26PelicansBrandon Ingram
81%
37KingsDomantas Sabonis
81%
38SunsDeandre Ayton
80%
30CavaliersDarius Garland
79%
44CelticsMarcus Smart
77%
43WarriorsAndrew Wiggins
76%
47CavaliersJarrett Allen
71%
49RaptorsFred VanVleet
70%
48PacersTyrese Haliburton
67%
46PistonsCade Cunningham
66%
40HornetsMiles Bridges
63%
45KnicksR.J Barrett
62%

Score Distribution

Percentile by Number Answered

Percent of People with Each Score

Your Score History

You have not taken this quiz